Wisconsin Basketball: Top 10 All-Time Leaders - Statistics

General Stats
  • This quiz has been taken 69 times
    21 since last reset
  • The average score is 33 of 91
Answer Stats
Category # Player Amount % Correct
Blocks 3 Frank Kaminsky 153
93%
Games 6 Frank Kaminsky 144
93%
Field Goal Percent 4 Sam Dekker 49.3%
93%
Points 3 Ethan Happ 2,130
73%
Rebounds 1 Ethan Happ 1,217
73%
Assists 4 Ethan Happ 423
73%
Steals 2 Ethan Happ 217
73%
Blocks 2 Ethan Happ 154
73%
Field Goal Percent 1 Ethan Happ 54.4%
73%
Games 8 Ethan Happ 139
73%
Games T4 Josh Gasser 148
67%
Points 4 Nigel Hayes 1,857
67%
Rebounds 7 Nigel Hayes 802
67%
Assists 10 Nigel Hayes 319
67%
Games 3 Nigel Hayes 150
67%
Points 10 Jordan Taylor 1,533
60%
Assists 2 Jordan Taylor 464
60%
Games T10 Jordan Taylor 136
60%
Points 1 Alando Tucker 2,217
53%
Rebounds 9 Alando Tucker 769
53%
Field Goal Percent 7 Alando Tucker 48.0%
53%
Points Per Game 7 Alando Tucker 16.5
53%
Three Pointers Made 2 Bronson Koenig 270
53%
Games T4 Bronson Koenig 148
53%
Points 2 Michael Finley 2,147
53%
Assists 6 Michael Finley 371
53%
Steals 7 Michael Finley 168
53%
Three Pointers Made 7 Michael Finley 213
53%
Points Per Game 2 Michael Finley 18.7
53%
Points 6 Brad Davison 1,827
47%
Assists 8 Brad Davison 343
47%
Three Pointers Made 1 Brad Davison 300
47%
Games 2 Brad Davison 161
47%
Steals 9 Devin Harris 164
47%
Three Pointers Made 10 Devin Harris 187
47%
Assists 3 D'Mitrik Trice 430
47%
Three Pointers Made 3 D'Mitrik Trice 244
47%
Games 7 D'Mitrik Trice 143
47%
Three Pointers Made 6 Kirk Penney 217
40%
Blocks 1 Nate Reuvers 184
40%
Points 9 Trent Jackson 1,545
40%
Three Pointers Made 9 Trent Jackson 193
40%
Three Pointers Made 4 Ben Brust 235
33%
Field Goal Percent 6 Jon Leuer 48.2%
33%
Assists 1 Tracy Webster 501
33%
Steals 3 Tracy Webster 183
33%
Rebounds 8 Tyler Wahl 800
33%
Steals 8 Tyler Wahl 166
33%
Games 1 Tyler Wahl 162
33%
Points Per Game 4 Cory Blackwell 16.9
27%
Points 5 Danny Jones 1,854
27%
Field Goal Percent 2 Danny Jones 53.5%
27%
Blocks 4 Jared Berggren 144
27%
Three Pointers Made 8 Jason Bohannon 212
27%
Rebounds 6 Kim Hughes 806
27%
Field Goal Percent 10 Kim Hughes 47.4%
27%
Steals 4 Trevon Hughes 177
27%
Steals 10 Chucky Hepburn 161
20%
Blocks 10 Greg Stiemsma 96
20%
Rebounds 10 Joe Krabbenhoft 756
20%
Games T10 Joe Krabbenhoft 136
20%
Blocks 9 Marcus Landry 99
20%
Steals 5 Michael Flowers 172
20%
Rebounds 4 Michael Wilkinson 856
20%
Steals 6 Michael Wilkinson 169
20%
Blocks 6 Michael Wilkinson 117
20%
Field Goal Percent 9 Michael Wilkinson 47.5%
20%
Assists 7 Mike Kelley 344
20%
Steals 1 Mike Kelley 275
20%
Points 8 Rick Olson 1,718
20%
Points 7 Claude Gregory 1,745
13%
Rebounds 2 Claude Gregory 904
13%
Points Per Game 10 Claude Gregory 15.9
13%
Points Per Game 9 James Johnson 15.9
13%
Games 9 Ryan Evans 138
13%
Three Pointers Made 5 Tim Locum 227
13%
Blocks 7 Brad Sellers 112
7%
Rebounds 3 Joe Franklin 858
7%
Points Per Game 5 Joe Franklin 16.9
7%
Blocks 5 Rashard Griffith 124
7%
Field Goal Percent 5 Scott Roth 49.1%
7%
Points Per Game 1 Clarence Sherrod 19.6
0%
Points Per Game 8 Don Rehfeldt 16.3
0%
Rebounds 5 Joe Chrnelich 841
0%
Field Goal Percent 3 Joe Chrnelich 51.2%
0%
Blocks 8 Kurt Portmann 102
0%
Points Per Game 6 Leon Howard 16.6
0%
Assists 5 Michael Heineman 388
0%
Assists 9 Tom Molaski 335
0%
Field Goal Percent 8 Wes Matthews 47.7%
0%
Points Per Game 3 Wes Matthews 18.1
0%
No matching quizzes found
Score Distribution
Percent of People with Each Score
Percentile by Number Answered
Your Score History
You have not taken this quiz since the last reset